Normal view
MARC view
Entry Geographic Name
001 - CONTROL NUMBER
- control field: 688917
003 - CONTROL NUMBER IDENTIFIER
- control field:
005 - DATE AND TIME OF LATEST TRANSACTION
- control field: 20210627041355.0
008 - FIXED-LENGTH DATA ELEMENTS
- fixed length control field: 210627|| aca||aabn | a|a d
040 ## - CATALOGING SOURCE
- Original cataloging agency:
- Transcribing agency:
151 ## - HEADING--GEOGRAPHIC NAME
- Geographic name: Hong Kong (China)
- General subdivision: Politics and government
670 ## - SOURCE DATA FOUND
- Source citation: Work cat.: ()563820: Brown, Deborah Ann 688914, Turmoil in Hong Kong on the eve of communist rule :, c1993
